[Event "AUTO-OPEN-3119"]
[Site "http://www.queenalice.com/game.php?id=1231486"]
[Date "2013.11.10"]
[Round "1"]
[White "Thomerson"]
[Black "AfeuLira"]
[Result "0-1"]
[WhiteElo "1782"]
[BlackElo "2096"]

1. e4 c5 2. Bc4 e6 3. c3 d5 4. Bb5+ Bd7 5. Bxd7+ Nxd7 6. d4 cxd4 7. cxd4 dxe4 8.
Nc3 Ngf6 9. Bg5 Be7 10. Bxf6 Nxf6 11. Nh3 O-O 12. O-O Qb6 13. Re1 Rfd8 14. Nxe4
Nxe4 15. Rxe4 Bf6 16. Qb3 Qxb3 17. axb3 Bxd4 18. Rae1 Bxb2 19. g3 a5 20. Ng5 h6
21. Nf3 Rd3 22. Ne5 Rxb3 23. Rd1 Bxe5 24. Rxe5 a4 25. h4 a3 26. Ree1 a2 27. Ra1
b5 28. Kh2 Rb2 29. Kg1 b4 30. f4 b3 31. g4 Rc2 0-1

[Event "AUTO-ADV-3002"]
[Site "http://www.queenalice.com/game.php?id=1231585"]
[Date "2013.11.11"]
[Round "1"]
[White "bdpq"]
[Black "Thomerson"]
[Result "1-0"]
[WhiteElo "1706"]
[BlackElo "1792"]

1. e4 e5 2. d4 exd4 3. Qxd4 Nc6 4. Qd1 Nf6 5. Bb5 Ne5 6. Ne2 Nxe4 7. O-O c6 8.
Bd3 Nd6 9. Re1 Be7 10. Nf4 Nxd3 11. Nxd3 O-O 12. Bf4 Nf5 13. Nc3 d6 14. Nb4 d5
15. Nd3 Bd6 16. Bxd6 Qxd6 17. g3 Qh6 18. Qe2 Nd4 19. Qd1 Qg5 20. Re3 Bg4 21. Qc1
Nf3+ 22. Kg2 d4 23. Re4 dxc3 24. Qxg5 1-0

[Event "AUTO-ADV-3002"]
[Site "http://www.queenalice.com/game.php?id=1231586"]
[Date "2013.11.11"]
[Round "1"]
[White "Thomerson"]
[Black "bdpq"]
[Result "1-0"]
[WhiteElo "1779"]
[BlackElo "1735"]

1. e4 d5 2. e5 e6 3. d4 Nc6 4. c3 Be7 5. Nf3 Nh6 6. Bxh6 gxh6 7. Bd3 b6 8. b4 a5
9. b5 Na7 10. O-O Qd7 11. a4 Bb7 12. Nbd2 O-O-O 13. c4 Bb4 14. c5 bxc5 15. dxc5
Bxc5 16. Nb3 Bb6 17. Qd2 h5 18. Nxa5 Rhg8 19. Nxb7 Kxb7 20. a5 Bc5 21. b6 cxb6
22. axb6 Bxb6 23. Rfb1 f6 24. Qa5 Rxg2+ 25. Kxg2 Qc7 26. Qxa7+ Kc8 27. Qxb6 Qg7+
28. Kf1 Qg4 29. Ra8+ Kd7 30. Qxd8+ Kc6 31. Rc8# 1-0

[Event "AUTO-ADV-3002"]
[Site "http://www.queenalice.com/game.php?id=1231601"]
[Date "2013.11.11"]
[Round "1"]
[White "yasseryack"]
[Black "Thomerson"]
[Result "0-1"]
[WhiteElo "1853"]
[BlackElo "1749"]

1. e4 e5 2. Nf3 d6 3. Nc3 Bg4 4. Bc4 Nf6 5. h3 Bxf3 6. Qxf3 Nc6 7. O-O Nd4 8.
Qd1 a6 9. b4 b5 10. Bd3 Be7 11. Bb2 c5 12. Nd5 Nxd5 13. exd5 c4 14. Be4 Qd7 15.
Bxd4 exd4 16. Re1 f5 17. Qh5+ g6 18. Bxf5 Qxf5 19. Qxf5 gxf5 20. Re6 Kf7 21. f4
a5 22. c3 axb4 23. cxb4 Ra3 24. Kf2 Bh4+ 25. Kf1 Rd3 26. a4 Rxd2 27. axb5 c3 28.
Ra7+ Kf8 29. Ra8+ Kg7 30. Ra7+ Kf8 31. Rxd6 Ke8 32. b6 c2 33. Re6+ Kd8 34. Rd6+
Ke8 35. Re6+ Kd8 36. Ra8+ Kd7 37. Ra7+ Kc8 38. Ra8+ Kb7 39. Ra7+ Kc8 40. Ra8+
Kd7 41. Ra7+ Kc8 42. Ra8+ Kb7 43. Ra7+ Kb8 44. Rc6 Rd1+ 45. Ke2 Re8+ 46. Re6
Rxe6+ 47. dxe6 Re1+ 48. Kd3 c1=Q 49. Kxd4 Rd1+ 50. Ke5 Re1+ 51. Kxf5 Qc2+ 52.
Kg4 Bf6 53. g3 Qg6+ 54. Kf3 Qh5+ 55. g4 Qxh3+ 56. Kf2 Qe3+ 0-1

[Event "AUTO-ADV-3002"]
[Site "http://www.queenalice.com/game.php?id=1231602"]
[Date "2013.11.11"]
[Round "1"]
[White "Thomerson"]
[Black "yasseryack"]
[Result "1-0"]
[WhiteElo "1727"]
[BlackElo "1875"]

1. e4 c5 2. Qh5 e6 3. e5 Nc6 4. Nf3 Nb4 5. Bd3 Nxd3+ 6. cxd3 g6 7. Qh3 b6 8. d4
c4 9. d3 cxd3 10. Nfd2 Bb7 11. O-O Ne7 12. Qxd3 Nf5 13. Ne4 Be7 14. Nbd2 O-O 15.
Nf3 Bxe4 16. Qxe4 b5 17. Qg4 Rc8 18. Bg5 f6 19. exf6 Bxf6 20. Bxf6 Qxf6 21. Rad1
Rc4 22. Ne5 Rc7 23. g3 d6 24. Nf3 a5 25. h4 Rff7 26. d5 Rc4 27. Qh3 e5 28. Ng5
Re7 29. Ne6 Nd4 30. h5 Nxe6 31. dxe6 Rxe6 32. hxg6 Qxg6 33. Rd5 h5 34. Rxb5 Rc5
35. Rb8+ Kf7 36. a3 Rc4 37. b3 Rh4 38. Qxh4 e4 39. Rb7+ Kf8 40. Ra7 Qf5 41. Qd8+
Re8 42. Qxd6+ Kg8 43. Qc7 h4 44. Qg7# 1-0

[Event "AUTO-ADV-3002"]
[Site "http://www.queenalice.com/game.php?id=1231611"]
[Date "2013.11.11"]
[Round "1"]
[White "thw"]
[Black "Thomerson"]
[Result "0-1"]
[WhiteElo "1864"]
[BlackElo "1758"]

1. e4 e5 2. Nf3 d6 3. Bc4 Bg4 4. O-O Nf6 5. Re1 h6 6. h3 Bxh3 7. gxh3 Qd7 8. Kh2
g5 9. Rg1 a6 10. d4 Nc6 11. dxe5 Nxe4 12. exd6 cxd6 13. Re1 f5 14. Nfd2 O-O-O
15. f3 Nxd2 16. Qxd2 Ne5 17. Bb3 Nxf3+ 18. Kg2 Nxe1+ 19. Qxe1 Qc6+ 20. Kg1 d5
21. Nc3 Bc5+ 22. Kf1 Rhe8 23. Qg3 Qb6 24. Na4 Qb5+ 25. Kg2 Qe2+ 26. Kh1 Bf2 27.
Qc3+ Kb8 28. Bd2 g4 29. Qd3 Qxd3 30. cxd3 h5 31. hxg4 hxg4 32. Kg2 Re2 33. Bc3
Be3+ 34. Kg3 b5 35. Be5+ Ka7 36. Rh1 Rd2 37. Rh7+ Ka8 38. Nc3 Rxd3 39. Kh4 b4
40. Ne2 Rd2 41. Nf4 Rh2+ 0-1

[Event "AUTO-ADV-3002"]
[Site "http://www.queenalice.com/game.php?id=1231612"]
[Date "2013.11.11"]
[Round "1"]
[White "Thomerson"]
[Black "thw"]
[Result "0-1"]
[WhiteElo "1769"]
[BlackElo "1894"]

1. e4 c5 2. c3 Nc6 3. Bb5 Qc7 4. Qh5 Nf6 5. Qxc5 a6 6. Bxc6 Qxc6 7. Qxc6 dxc6 8.
e5 Ng4 9. d4 e6 10. h3 Nh6 11. Bxh6 gxh6 12. Ne2 c5 13. O-O Bg7 14. Nd2 cxd4 15.
cxd4 O-O 16. Ne4 Bd7 17. N2g3 Bc6 18. Nd6 f6 19. Rfe1 fxe5 20. dxe5 Rf4 21. Nh5
Rff8 22. Nxg7 Kxg7 23. g3 Rf3 24. h4 Raf8 25. Re2 Rd3 26. Ne4 Bxe4 27. Rxe4 Rd2
28. f4 Rc8 29. b4 Rcc2 30. Re3 Rg2+ 31. Kf1 Rh2 32. a4 Rh1# 0-1

[Event "OS INCLIVEIS"]
[Site "http://www.queenalice.com/game.php?id=1233497"]
[Date "2013.11.19"]
[Round "-"]
[White "adelio"]
[Black "Thomerson"]
[Result "1-0"]
[WhiteElo "1831"]
[BlackElo "1782"]

1. d4 d5 2. e4 e6 3. e5 f6 4. a3 Nc6 5. b4 fxe5 6. dxe5 Nxe5 7. Bb2 Qd6 8. Qh5+
Ng6 9. Nf3 Nf6 10. Bxf6 gxf6 11. Bd3 Bg7 12. Nbd2 Bd7 13. Bxg6+ hxg6 14. Qxg6+
Kf8 15. O-O-O Rh6 16. Qg3 a5 17. Qxd6+ cxd6 18. Nb3 axb4 19. axb4 Ra4 20. Kd2
Rxb4 21. h3 Ba4 22. Nbd4 Ke7 23. Rhe1 f5 24. Nxf5+ Kf7 25. Nxd6+ Ke7 26. Nf5+
Kf6 27. Nxh6 Bxh6+ 28. Kd3 Bb5+ 29. Kc3 Rc4+ 30. Kb3 Bf8 31. Nd4 Rb4+ 32. Kc3
Rc4+ 33. Kb2 Bc5 34. Rxe6+ Kf7 35. Nxb5 Rb4+ 36. Kc1 Kxe6 37. Nc7+ Kd6 38. Rxd5+
Kc6 39. Rf5 Kxc7 40. Rxc5+ Kd6 41. Rf5 Ke6 42. g4 Re4 43. Kd2 Re5 44. Rf3 b5 45.
Kc3 Rc5+ 46. Kb4 Rxc2 47. Kxb5 Ke5 48. g5 Rc8 49. h4 Rh8 50. Rh3 Kf4 51. f3 Re8
52. g6 Re3 53. g7 Rxf3 54. Rxf3+ Kxf3 55. g8=Q Ke4 56. Kc4 Kf3 57. Kd3 Kf4 58.
Qg5+ Kf3 59. h5 Kf2 60. h6 Kf1 61. h7 Kf2 62. h8=Q Kf1 63. Kd2 Kf2 64. Qhf6# 1-0

[Event "The ramathc"]
[Site "http://www.queenalice.com/game.php?id=1235113"]
[Date "2013.11.25"]
[Round "-"]
[White "Thomerson"]
[Black "adelio"]
[Result "0-1"]
[WhiteElo "1797"]
[BlackElo "1816"]

1. e4 e5 2. d3 c5 3. Nf3 d6 4. c3 Nc6 5. h3 a6 6. Be3 Ra7 7. h4 Bg4 8. Be2 Bxf3
9. Bxf3 b5 10. g4 g6 11. h5 h6 12. Nd2 g5 13. Be2 Nf6 14. f3 d5 15. exd5 Nxd5
16. Bf2 Nf4 17. Bg3 Nxe2 18. Qxe2 Bg7 19. Ne4 Qe7 20. O-O O-O 21. a3 f5 22. Nf2
f4 23. Bh2 Qe6 24. Ne4 Qd5 25. Rad1 Rd8 26. Nxc5 Qxc5+ 27. Kg2 Rad7 28. Bg1 Qe7
29. Qe4 Qf6 30. Rfe1 Ne7 31. Kh3 Nd5 32. c4 Ne3 33. Bxe3 fxe3 34. Rxe3 Rd4 35.
Qb7 Qf4 36. Qe4 Rxe4 0-1

[Event "AUTO-ADV-3067"]
[Site "http://www.queenalice.com/game.php?id=1253336"]
[Date "2014.2.2"]
[Round "1"]
[White "Marcelo_Smilov"]
[Black "Thomerson"]
[Result "1-0"]
[WhiteElo "2093"]
[BlackElo "1793"]

1. d4 d5 2. c4 e6 3. Nc3 Bb4 4. Nf3 Nc6 5. Bf4 Bxc3+ 6. bxc3 Nge7 7. cxd5 Qxd5
8. Bxc7 Qd7 9. Bf4 Nd5 10. Qd2 Nf6 11. e3 O-O 12. Bb5 Ne4 13. Qc2 Nd6 14. Bxd6
Qxd6 15. O-O a6 16. Bd3 g6 17. a3 b5 18. c4 bxc4 19. Bxc4 Bd7 20. Rfc1 e5 21. d5
Ne7 22. e4 f5 23. Nxe5 Qxe5 24. d6+ Kg7 25. dxe7 Qxe7 26. exf5 Bxf5 27. Qc3+ Rf6
28. Ra2 h5 29. Re2 Qf8 30. Qa5 Qd6 31. Rce1 Bd3 32. Bxd3 1-0

[Event "AUTO-ADV-3067"]
[Site "http://www.queenalice.com/game.php?id=1253337"]
[Date "2014.2.2"]
[Round "1"]
[White "Thomerson"]
[Black "Marcelo_Smilov"]
[Result "0-1"]
[WhiteElo "1789"]
[BlackElo "2097"]

1. e4 e6 2. d4 d5 3. e5 c5 4. c3 Nc6 5. Nf3 cxd4 6. cxd4 Bb4+ 7. Bd2 Bd7 8. Bxb4
Nxb4 9. a3 Qa5 10. Nc3 Nc6 11. Bd3 Nge7 12. Ng5 h6 13. Qh5 O-O 14. Bh7+ Kh8 15.
Rd1 Nf5 16. Bxf5 exf5 17. Nxf7+ Kg8 18. Nxh6+ gxh6 19. Qg6+ Kh8 20. Qxh6+ Kg8
21. Qg5+ Kf7 22. Qf4 Qb6 23. b4 Rac8 24. O-O Nxb4 25. Na4 Bxa4 26. Qxf5+ Ke7 27.
Qh7+ Kd8 28. Qh4+ Kc7 29. Rb1 Kb8 30. Rxb4 Qa6 31. Rfb1 Bc6 0-1

[Event "AUTO-ADV-3067"]
[Site "http://www.queenalice.com/game.php?id=1253350"]
[Date "2014.2.2"]
[Round "1"]
[White "RogerioJJ"]
[Black "Thomerson"]
[Result "0-1"]
[WhiteElo "1868"]
[BlackElo "1753"]

1. e4 e5 2. Nf3 d6 3. d4 exd4 4. Nxd4 Nf6 5. Nc3 Be6 6. Nxe6 fxe6 7. Bc4 Qd7 8.
Bg5 Be7 9. Qe2 h6 10. Be3 a6 11. a4 Nc6 12. f4 d5 13. exd5 exd5 14. Nxd5 Nxd5
15. Qh5+ g6 16. Qxg6+ Kd8 17. Bxd5 Bb4+ 18. c3 Ne7 19. Qf6 Bxc3+ 20. bxc3 Re8
0-1

[Event "AUTO-ADV-3067"]
[Site "http://www.queenalice.com/game.php?id=1253358"]
[Date "2014.2.2"]
[Round "1"]
[White "Gatsby57"]
[Black "Thomerson"]
[Result "1-0"]
[WhiteElo "1987"]
[BlackElo "1760"]

1. d4 d5 2. Nf3 e6 3. c4 b6 4. Nc3 Bb4 5. Qc2 c6 6. e3 c5 7. Be2 Ne7 8. O-O O-O
9. a3 cxd4 10. axb4 dxc3 11. bxc3 Bb7 12. Rd1 Qc7 13. Ng5 Nd7 14. Qxh7# 1-0

[Event "AUTO-ADV-3067"]
[Site "http://www.queenalice.com/game.php?id=1253359"]
[Date "2014.2.2"]
[Round "1"]
[White "Thomerson"]
[Black "Gatsby57"]
[Result "0-1"]
[WhiteElo "1768"]
[BlackElo "1979"]

1. e4 Nf6 2. e5 Nd5 3. Bc4 e6 4. Bxd5 exd5 5. d4 b6 6. Nh3 Ba6 7. Ng5 Be7 8.
Nxf7 Kxf7 9. Qf3+ Ke8 10. Qxd5 Nc6 11. c3 Bg5 12. Bxg5 Qxg5 13. b4 Qc1# 0-1